000 00572nam a2200181Ia 4500
005 20250508152336.0
008 008 250505s9999 xx 000 0 eng d
037 _aTextual
040 _aFEDL
_beng
_cFEDL
041 _aeng
_2eng
084 _a309.947, KHR
_qFEDL
245 0 _aNew soviet seven - year plan
245 0 _cTheses of N.S.Khrushchov's Report to 21st CPSU Congress
260 _aNew Delhi, India
_bThe Information Department of the USSR Embasssy in India
300 _a100p.
942 _cTEXL
_h309.947, KHR
999 _c1335814
_d1335814